000 00740nam a2200205Ia 4500
003 GCL
008 140319s9999 xx 000 0 ara d
020 _a6556305977
040 _aGCL /
_cGCL
082 0 4 _a792.0233
_bهـ ا
100 1 _aهاى، مالكولم
245 1 0 _aادوارد بوند :
_bدراسة مسرحية /
_cهاى، مالكولم
700 1 _aروبتس، فيليب
260 _aالقاهرة :
_bوزارة الثقافة - مهرجان القاهرة الدولى للمسرح التجريبى ،
_c2003
300 _a528 ص ؛
_c24 سم
650 0 4 _aالمسرح - نقد
650 0 4 _aالمسرحية الانجليزية المترجمة
650 0 4 _aبوند، ادوارد
942 _2ddc
_cBK
999 _c58135
_d58135